| 000 | 00467nam a22001937a 4500 | ||
|---|---|---|---|
| 005 | 20260602163951.0 | ||
| 008 | 260602b |||||||| |||| 00| 0 eng d | ||
| 020 |
_a9788180549281 _c990.00 |
||
| 040 | _aMAIN | ||
| 041 | _aEnglish | ||
| 082 |
_a5.0.15 _bPRA |
||
| 100 |
_aPrakash, Satya _9321 |
||
| 245 | _aMathematical Physics | ||
| 250 | _a7th | ||
| 260 |
_aNew Delhi _bS. Chand _c2023 |
||
| 300 | _a1687 | ||
| 650 |
_aPhysics (PM USHA) _926699 |
||
| 942 | _cBK | ||
| 999 |
_c60968 _d60968 |
||